01275nam a2200253 a 450000100060000000300090000600800410001502000150005604000280007108200180009910000260011724501570014326000560030030000080035650501740036459001260053865000380066465000520070265000490075465000360080394200120083999900170085195201530086822181CO-ViMGA141112s2004 ck r 000 u spa d a9589298516 aCO-ViMGAbspacCO-ViMGA04a025.171 W663p1 aWood Lee, Mary93157810aPrevención y tratamiento del moho en las colecciones de bibliotecas, con particular referencia a las que padecen climas tropicales un estudio del Ramp aBogotá : bArchivo General de la Nación, c1996 a80p aEl moho 15 - - Repercuciones para los materiales de bibliotecas 21 - - Prevención 29 - - Fungicidas y y fumigacion 41 - - Tratamiento 47 - - Equipos y suministros 61  aForma de adquisición : Compra - - Precio : 19.200 - - Proveedor : Bernalibros - - Fecha de adquisición : Octubre 200714aBIBLIOTECAS - CLIMATOLOGIA93157914aBIBLIOTECAS - PREVENCIÓN DE ACCIDENTES93158014aCONSERVACION Y RESTAURACION DE LIBROS94788914aEDIFICIOS DE BIBLIOTECAS931581 2ddccBK c30608d30608 00102ddc40708003aMEVIECARbMEVIECARd2015-12-04hVolumen. 1 | 11/jun/2009l0o025.171 W663p p22181r2015-12-04 00:00:00tEj. 1w2015-12-04yBK